Boletín jurídico-administrativo : (Record no. 99718)
[ view plain ]
| 000 -LEADER | |
|---|---|
| campo de control de longitud fija | 01160nam a2200265 i 4500 |
| 001 - NÚMERO DE CONTROL | |
| campo de control | 99718 |
| 003 - IDENTIFICADOR DE NÚMERO DE CONTROL | |
| campo de control | ES-MaACL |
| 005 - FECHA Y HORA DE LA ÚLTIMA TRANSACCIÓN | |
| campo de control | 20250929063142.0 |
| 007 - CAMPO FIJO DE DESCRIPCIÓN FÍSICA--INFORMACIÓN GENERAL | |
| campo de control de longitud fija | t| |
| 008 - DATOS DE LONGITUD FIJA--INFORMACIÓN GENERAL | |
| campo de control de longitud fija | 050915m18631971sp ||||1| spa d |
| 100 1# - ENTRADA PRINCIPAL--NOMBRE DE PERSONA | |
| Nombre de persona | Martínez Alcubilla, Marcelo, |
| Fechas asociadas al nombre | 1820-1900 |
| 9 (RLIN) | 129617 |
| 245 10 - MENCIÓN DEL TÍTULO | |
| Título | Boletín jurídico-administrativo : |
| Resto del título | apéndice al Diccionario de la administración española, peninsular y ultramarina / |
| Mención de responsabilidad, etc. | por D. Marcelo Martínez Alcubilla. |
| 246 33 - FORMA VARIANTE DEL TITULO | |
| Título propio/Titulo breve | Anuario de Alcubilla |
| 260 ## - PUBLICACIÓN, DISTRIBUCIÓN, ETC. | |
| Lugar de publicación, distribución, etc. | Madrid : |
| Nombre del editor, distribuidor, etc. | Marcelo Martínez Alcubilla, |
| Fecha de publicación, distribución, etc. | 1863-1971. |
| 300 ## - DESCRIPCIÓN FÍSICA | |
| Extensión | 58 v. ; |
| Dimensiones | 25 cm. |
| 500 ## - NOTA GENERAL | |
| Nota general | Suspendido entre 1936 y 1938. |
| 505 8# - NOTA DE CONTENIDO CON FORMATO | |
| Nota de contenido con formato | Contiene: 1877-1888; (1889: falta); 1900-1935; (1936-1938: faltan); 1939 |
| 530 ## - NOTA DISPONIBLE DE FORMULARIO FÍSICO ADICIONAL | |
| Nota de formato físico adicional disponible | Disponible en formato digital: 1888, 1889 y 1894. |
| 594 ## - Nota al título y mención de responsabilidad | |
| Nota al título y mención de responsabilidad | Subtít. 1908-1968: anuario de legislación y jurisprudencia. |
| 650 #7 - PUNTO DE ACCESO ADICIONAL DE MATERIA--TÉRMINO DE MATERIA | |
| Término de materia o nombre geográfico como elemento de entrada | Derecho- |
| Subdivisión geográfica | España |
| Fuente del encabezamiento o término | |
| 9 (RLIN) | 141531 |
| 650 #4 - PUNTO DE ACCESO ADICIONAL DE MATERIA--TÉRMINO DE MATERIA | |
| Término de materia o nombre geográfico como elemento de entrada | Derecho- |
| Subdivisión geográfica | España- |
| Subdivisión de forma | Jurisprudencia. |
| 9 (RLIN) | 164920 |
| 852 4# - LOCALIZACIÓN | |
| Ubicación | ES-MaACL |
| Número de control de estantería | C-15835-92 |
| 856 4# - LOCALIZACIÓN Y ACCESO ELECTRÓNICOS | |
| Identificador Uniforme de Recursos | <a href="http://simurg.bibliotecas.csic.es/viewer/toc/CSIC000107090/0/ ">http://simurg.bibliotecas.csic.es/viewer/toc/CSIC000107090/0/ </a> |
| Nota pública | Fondos digitalizados del CSIC |
| -- | (1888-89, 1894) |
| Estatus retirado | Estado de pérdida | Estado de daño | No para préstamo | Colección | Biblioteca de origen | Biblioteca actual | Ubicación en estantería | Fecha de adquisición | Fuente de adquisición | Total de préstamos | Signatura topográfica completa | Código de barras | Visto por última vez | Precio de reemplazo | Tipo de ítem Koha |
|---|---|---|---|---|---|---|---|---|---|---|---|---|---|---|---|
| Colección digital | Biblioteca del Ateneo de Madrid | Biblioteca del Ateneo de Madrid | Ficheros | 17/01/2008 | C-15835-92 | 1104124 | 23/02/2023 | 23/02/2023 | Libro impreso antiguo |
